000 01613nam a2200397 a 4500
005 20240514114139.0
008 100312s2011||||sp a f |||| 001 0 spa d
020 _a9788480868235
041 _aspa
092 _c617.028
_l95
_sWHI
100 1 _aWhiteley, Simon M.
_91790
245 _aGuías Prácticas Churchill.
_bCuidados Intensivos /
_cSimon M. Whiteley
250 _a3a ed.
260 _aBarcelona:
_bElsevier ; Churchill Livingstone;
_c2011.
300 _a482 p.
500 _aWhiteley, S. M., Bodehham, A. y Bellamy, M. C. (2011). Guías Prácticas Churchill. Cuidados Intensivos. (3a ed.). Barcelona : Elsevier ; Churchill Livingstone.
653 _aEnfermedades respiratorias mas frecuentes
653 _aTécnicas diagnósticas y terapéuticas en neumología
653 _aEnfermedades de las vías aéreas
653 _aEnfermedades pulmonares parenquimatosas difusas
653 _aInfecciones respiratorias
653 _aPatología pulmonar vascular
653 _aNeoplasias del aparato respiratorio
653 _aAfectación respiratorias en las enfermedades de otros órganos y sistemas
653 _aPatología pleuropulmonar por agentes externos
653 _aPatología pleural
653 _aPatología de la caja torácica
653 _aPatología del mediastino
653 _aAlteraciones de la regulación de la ventilación y síndrome de apneas e hipopneas del sueño
653 _aInsuficiencia respiratoria
653 _aTrasplante pulmonar
700 1 _aBodehham, Andrew
_91791
700 1 _aBellamy, Mark C.
_91792
930 _a2579
942 _2ddc
_cBK
999 _c1082
_d1082